000 00580nam a2200205Ia 4500
005 20250508162204.0
008 008 250505s9999 xx 000 0 eng d
020 _a0-03-910120-7
037 _aTextual
040 _aFEDL
_beng
_cFEDL
041 _aeng
_2eng
084 _a510.7, THY
_qFEDL
100 _aThyer Dennis
_9772536
245 0 _aTeaching mathematics to yound children
260 _aLondon, UK
_bHolt, Rinehar and Winston
_c1971
300 _axii,266p.
700 _a Maggs John
_9772537
942 _cTEXL
_h510.7, THY
999 _c1374912
_d1374912